000 01322cam a22003134a 4500
001 12463630
003 NUST-PNEC
005 20170114142537.0
008 010709s2002 njua b 001 0 eng
010 _a 2001036592
020 _a0130615919 (alk. paper)
040 _aDLC
_cPNEC
_dDLC
042 _apcc
050 0 0 _aTA347.F5
_bC463 2002
082 0 0 _a517.962 CHA
100 1 _aChandrupatla, Tirupathi R.,
_d1944-
245 1 0 _aIntroduction to finite elements in engineering /
_cTirupathi R. Chandrupatla, Ashok D. Belegundu.
250 _a3rd ed.
260 _aUpper Saddle River, N.J. :
_bPrentice Hall,
_cc2002.
300 _axviii, 453 p. :
_bill. ;
_c24 cm.
500 _aIncludes index. http://www.amazon.com/Introduction-Finite-Elements-Engineering-Edition/dp/0130615919/ref=sr_1_sc_1?ie=UTF8&qid=1399645832&sr=8-1-spell&keywords=introduction+to+finite+element+in+engineering+chandrupatia+3
504 _aIncludes bibliographical references (p. 443-446) and index.
650 0 _aFinite element method.
_xME, MIS
650 0 _aEngineering mathematics.
700 1 _aBelegundu, Ashok D.,
_d1956-
906 _a7
_bcbc
_corignew
_d1
_eocip
_f20
_gy-gencatlg
942 _2ddc
_cBK
999 _c60113
_d60113